<?xml version="1.0" encoding="UTF-8"?><?xml-stylesheet type="text/xsl" href="static/style.xsl"?><OAI-PMH xmlns="http://www.openarchives.org/OAI/2.0/" xmlns:xsi="http://www.w3.org/2001/XMLSchema-instance" xsi:schemaLocation="http://www.openarchives.org/OAI/2.0/ http://www.openarchives.org/OAI/2.0/OAI-PMH.xsd"><responseDate>2026-04-13T02:46:33Z</responseDate><request verb="GetRecord" identifier="oai:www.recercat.cat:2445/110763" metadataPrefix="marc">https://recercat.cat/oai/request</request><GetRecord><record><header><identifier>oai:recercat.cat:2445/110763</identifier><datestamp>2025-12-05T12:20:53Z</datestamp><setSpec>com_2072_1057</setSpec><setSpec>col_2072_478916</setSpec><setSpec>col_2072_478917</setSpec><setSpec>col_2072_478927</setSpec></header><metadata><record xmlns="http://www.loc.gov/MARC21/slim" xmlns:dcterms="http://purl.org/dc/terms/" xmlns:xsi="http://www.w3.org/2001/XMLSchema-instance" xmlns:doc="http://www.lyncode.com/xoai" xsi:schemaLocation="http://www.loc.gov/MARC21/slim http://www.loc.gov/standards/marcxml/schema/MARC21slim.xsd">
   <leader>00925njm 22002777a 4500</leader>
   <datafield ind2=" " ind1=" " tag="042">
      <subfield code="a">dc</subfield>
   </datafield>
   <datafield ind2=" " ind1=" " tag="720">
      <subfield code="a">Chimenos Küstner, Eduardo</subfield>
      <subfield code="e">author</subfield>
   </datafield>
   <datafield ind2=" " ind1=" " tag="720">
      <subfield code="a">Luca-Monasterios, Fiorella de</subfield>
      <subfield code="e">author</subfield>
   </datafield>
   <datafield ind2=" " ind1=" " tag="720">
      <subfield code="a">Schemel-Suárez, Mayra</subfield>
      <subfield code="e">author</subfield>
   </datafield>
   <datafield ind2=" " ind1=" " tag="720">
      <subfield code="a">Rodríguez de Rivera Campillo, Ma Eugenia</subfield>
      <subfield code="e">author</subfield>
   </datafield>
   <datafield ind2=" " ind1=" " tag="720">
      <subfield code="a">Martínez Pérez-Pérez, Alejandro</subfield>
      <subfield code="e">author</subfield>
   </datafield>
   <datafield ind2=" " ind1=" " tag="720">
      <subfield code="a">López López, José, 1958-</subfield>
      <subfield code="e">author</subfield>
   </datafield>
   <datafield ind2=" " ind1=" " tag="260">
      <subfield code="c">2017-05-10T11:57:26Z</subfield>
   </datafield>
   <datafield ind2=" " ind1=" " tag="260">
      <subfield code="c">2017-11-18T23:01:20Z</subfield>
   </datafield>
   <datafield ind2=" " ind1=" " tag="260">
      <subfield code="c">2016-11-18</subfield>
   </datafield>
   <datafield ind2=" " ind1=" " tag="260">
      <subfield code="c">2017-05-10T11:57:26Z</subfield>
   </datafield>
   <datafield ind2=" " ind1=" " tag="520">
      <subfield code="a">Podeu consultar la versió en anglès a: http://hdl.handle.net/2445/113324</subfield>
   </datafield>
   <datafield ind2=" " ind1=" " tag="520">
      <subfield code="a">Antecedentes y objetivo: El síndrome de boca ardiente (SBA) puede definirse como ardor o disestesia en la lengua y/u otras áreas de la mucosa bucal, en ausencia de lesiones que puedan justificarlo. Su incidencia es mayor en pacientes de sexo femenino, de edades comprendidas entre 50 y 60 años. Estas molestias suelen recurrir diariamente, provocando un deterioro de la calidad de vida. El objetivo del estudio fue evaluar la asociación entre diversos factores patogénicos y el SBA. Pacientes y métodos: Se estudiaron de forma retrospectiva 736 historias clínicas de pacientes diagnosticados de SBA y 132 historias clínicas de pacientes control. El período de estudio se extendió desde enero de 1990 a diciembre de 2014. El protocolo incluyó: sexo, edad, tipo de molestia bucal y localización, entre otras variables. Resultados: El análisis de la asociación entre los factores patogénicos y el diagnóstico de SBA mostró significación estadística en solo 3 de ellos: factores desencadenantes (p = 0,003), hábitos parafuncionales (p = 0,006) e higiene oral (p = 0,012). No se encontraron diferencias significativas en la incidencia del SBA por sexos (p = 0,408), ni asociación entre el SBA y los factores de abuso de sustancias (p = 0,915), patología sistémica (p = 0,685) y hábitos alimentarios (p = 0,904). Conclusiones: Los hábitos parafuncionales como el bruxismo y los movimientos anormales de la lengua y labios pueden explicar la sintomatología del SBA. Hay que tener siempre en cuenta los aspectos psicológicos y los factores sistémicos. Como alteración de carácter multifactorial que es, el tratamiento del SBA debe enfocarse de manera holística.</subfield>
   </datafield>
   <datafield tag="653" ind2=" " ind1=" ">
      <subfield code="a">Estudi de casos</subfield>
   </datafield>
   <datafield tag="653" ind2=" " ind1=" ">
      <subfield code="a">Estomatologia</subfield>
   </datafield>
   <datafield tag="653" ind2=" " ind1=" ">
      <subfield code="a">Malalties de la boca</subfield>
   </datafield>
   <datafield tag="653" ind2=" " ind1=" ">
      <subfield code="a">Bruxisme</subfield>
   </datafield>
   <datafield tag="653" ind2=" " ind1=" ">
      <subfield code="a">Ansietat</subfield>
   </datafield>
   <datafield tag="653" ind2=" " ind1=" ">
      <subfield code="a">Glàndules salivals</subfield>
   </datafield>
   <datafield tag="653" ind2=" " ind1=" ">
      <subfield code="a">Malalties de les glàndules salivals</subfield>
   </datafield>
   <datafield tag="653" ind2=" " ind1=" ">
      <subfield code="a">Case studies</subfield>
   </datafield>
   <datafield tag="653" ind2=" " ind1=" ">
      <subfield code="a">Oral medicine</subfield>
   </datafield>
   <datafield tag="653" ind2=" " ind1=" ">
      <subfield code="a">Mouth diseases</subfield>
   </datafield>
   <datafield tag="653" ind2=" " ind1=" ">
      <subfield code="a">Bruxism</subfield>
   </datafield>
   <datafield tag="653" ind2=" " ind1=" ">
      <subfield code="a">Anxiety</subfield>
   </datafield>
   <datafield tag="653" ind2=" " ind1=" ">
      <subfield code="a">Salivary glands</subfield>
   </datafield>
   <datafield tag="653" ind2=" " ind1=" ">
      <subfield code="a">Salivary gland diseases</subfield>
   </datafield>
   <datafield ind2="0" ind1="0" tag="245">
      <subfield code="a">Síndrome de boca ardiente y factores asociados: estudio retrospectivo de casos y controles</subfield>
   </datafield>
   <datafield ind2="0" ind1="0" tag="245">
      <subfield code="a">Burning mouth syndrome and associated factors: A case-control retrospective study</subfield>
   </datafield>
</record></metadata></record></GetRecord></OAI-PMH>